|
|
|
|
| LEADER |
03510nam a22005055i 4500 |
| 001 |
978-3-319-20037-8 |
| 003 |
DE-He213 |
| 005 |
20160704142225.0 |
| 007 |
cr nn 008mamaa |
| 008 |
151030s2015 gw | s |||| 0|eng d |
| 020 |
|
|
|a 9783319200378
|9 978-3-319-20037-8
|
| 024 |
7 |
|
|a 10.1007/978-3-319-20037-8
|2 doi
|
| 040 |
|
|
|d GrThAP
|
| 050 |
|
4 |
|a RC321-580
|
| 072 |
|
7 |
|a PSAN
|2 bicssc
|
| 072 |
|
7 |
|a MED057000
|2 bisacsh
|
| 082 |
0 |
4 |
|a 612.8
|2 23
|
| 245 |
1 |
0 |
|a Validating Neuro-Computational Models of Neurological and Psychiatric Disorders
|h [electronic resource] /
|c edited by Basabdatta Sen Bhattacharya, Fahmida N. Chowdhury.
|
| 250 |
|
|
|a 1st ed. 2015.
|
| 264 |
|
1 |
|a Cham :
|b Springer International Publishing :
|b Imprint: Springer,
|c 2015.
|
| 300 |
|
|
|a XVIII, 315 p.
|b online resource.
|
| 336 |
|
|
|a text
|b txt
|2 rdacontent
|
| 337 |
|
|
|a computer
|b c
|2 rdamedia
|
| 338 |
|
|
|a online resource
|b cr
|2 rdacarrier
|
| 347 |
|
|
|a text file
|b PDF
|2 rda
|
| 490 |
1 |
|
|a Springer Series in Computational Neuroscience,
|x 2197-1900 ;
|v 14
|
| 505 |
0 |
|
|a Introduction -- Discovery and validation of biomarkers based on computational models of normal and pathological hippocampal rhythms -- DCM, Conductance based models and Clinical applications -- Computational Models of Closed-loop Deep Brain Stimulation -- A multiscale 'working brain' model -- How to render Neural Fields more realistic -- Multilevel computational modeling in epilepsy: classical studies and recent advances -- Computational modeling of neuronal dysfunction at molecular level reveals the role of single neurons in circuit functions in cerebellum granule layer -- Modeling Cortical and Thalamocortical Synaptic Loss and Compensation Mechanisms in Alzheimer's disease -- Toward Networks from Spikes -- Epileptogenic networks: applying network analysis techniques to human seizure activity.
|
| 520 |
|
|
|a This book is a collection of articles by leading researchers working at the cutting edge of neuro-computational modelling of neurological and psychiatric disorders. Each article contains model validation techniques used in the context of the specific problem being studied. Validation is essential for neuro-inspired computational models to become useful tools in the understanding and treatment of disease conditions. Currently, the immense diversity in neuro-computational modelling approaches for investigating brain diseases has created the need for a structured and coordinated approach to benchmark and standardise validation methods and techniques in this field of research. This book serves as a step towards a systematic approach to validation of neuro-computational models used for studying brain diseases, and should be useful for all neuro-computational modellers.
|
| 650 |
|
0 |
|a Medicine.
|
| 650 |
|
0 |
|a Neurosciences.
|
| 650 |
|
0 |
|a Neurology.
|
| 650 |
|
0 |
|a Neural networks (Computer science).
|
| 650 |
1 |
4 |
|a Biomedicine.
|
| 650 |
2 |
4 |
|a Neurosciences.
|
| 650 |
2 |
4 |
|a Neurology.
|
| 650 |
2 |
4 |
|a Mathematical Models of Cognitive Processes and Neural Networks.
|
| 700 |
1 |
|
|a Bhattacharya, Basabdatta Sen.
|e editor.
|
| 700 |
1 |
|
|a Chowdhury, Fahmida N.
|e editor.
|
| 710 |
2 |
|
|a SpringerLink (Online service)
|
| 773 |
0 |
|
|t Springer eBooks
|
| 776 |
0 |
8 |
|i Printed edition:
|z 9783319200361
|
| 830 |
|
0 |
|a Springer Series in Computational Neuroscience,
|x 2197-1900 ;
|v 14
|
| 856 |
4 |
0 |
|u http://dx.doi.org/10.1007/978-3-319-20037-8
|z Full Text via HEAL-Link
|
| 912 |
|
|
|a ZDB-2-SBL
|
| 950 |
|
|
|a Biomedical and Life Sciences (Springer-11642)
|